MARC

LEADER 00000nam^a2200000^a^4500
001 000142981
005 20250521000000.0
009 20260310095707.426
020 |a 968-6024-22-0 
037 |a Acervo ITESO - Biblioteca 
041 |a ESP 
082 |a 980. 012  |b LLO 
100 |a Llopis, José J  |e (autor) 
245 1 0 |a Aztecas, mayas e incas /  |c J.J. Llopis. 
264 4 |a México :  |b Daimon,  |c 1980, c1980 
300 |a 239 p. 
336 |a texto  |b txt  |2 rdacontenido 
337 |a sin mediación  |b n  |2 rdamedio 
338 |a volumen  |b nc  |2 rdasoporte 
500 |a Traducción de: Aztecas, mayas e incas 
649 |a XX 
650 |a Mayas -  |x Historia 
650 |a Aztecas -  |x Historia 
650 |a Nahuas -  |x Historia 
650 |a Indígenas de México -  |z Yucatán (Península) -  |x Historia 
650 |a Indígenas de México -  |x Historia 
650 |a Indígenas de América Central -  |z Guatemala -  |x Historia 
650 |a Incas -  |x Historia 
650 |a Indígenas de América del Sur -  |z Perú -  |x Historia 
650 |a Arte Maya -  |x Historia y Crítica 
650 |a Arte Azteca -  |x Historia y Crítica 
650 |a Arte Nahua -  |x Historia y Crítica 
650 |a Arte Mexicano -  |x Historia y Crítica 
650 |a Arte Guatemalteco -  |x Historia y Crítica 
650 |a Arte Inca -  |x Historia y Crítica 
650 |a Arte Peruano -  |x Historia y Crítica 
650 |a Arte Prehispánico -  |x Historia y Crítica 
650 |a Arqueología 
650 |a Yucatán (Península) -  |x Historia -  |y Epoca Prehispánica 
650 |a México -  |x Historia -  |y Epoca Prehispánica 
650 |a Guatemala -  |x Historia -  |y Epoca Prehispánica 
650 |a Perú -  |x Historia -  |y Epoca Prehispánica 
910 |a Fondo General 
920 |a Impresos - Libros 
930 |a Colección General 
905 |a 101 
901 |a 0500071563  |b IT1  |c ACC  |u 20250521 
902 |a https://opac.biblio.iteso.mx/vufind/Record/000142981